000
00203 a2200097 4500
020
_a
9781579549572
041
_a
eng
100
_a
Aganston, Arthur
245
_a
The South Beach Diet Cookbook
942
_c
BK
999
_c
11007
_d
11007